[Event "SVK-chT 1516"]
[Site "Slovakia"]
[Date "2016.04.09"]
[Round "10.4"]
[White "Molnar, Peter"]
[Black "Zvarik, Martin"]
[Result "0-1"]
[WhiteElo "2279"]
[BlackElo "2296"]
[PlyCount "56"]
[EventDate "2015.10.10"]
[EventType "team-tourn"]
[EventRounds "11"]
[EventCountry "SVK"]
[SourceTitle "EXT 2017"]
[Source "ChessBase"]
[SourceDate "2016.10.25"]
[SourceVersion "1"]
[SourceVersionDate "2016.10.25"]
[SourceQuality "1"]
[WhiteTeam "Kosice Slavia"]
[BlackTeam "Dubnica nad Vahom"]
[WhiteTeamCountry "SVK"]
[BlackTeamCountry "SVK"]

1. d4 Nf6 2. Nf3 d6 3. Bf4 Bg4 4. e3 Nbd7 5. h3 Bh5 6. Be2 c6 7. 0-0 h6 8. c4 g5 9. Bg3 Bxf3 10. Bxf3 h5 11. Nc3 g4 12. hxg4 hxg4 13. Bxg4 Nxg4 14. Qxg4 Qa5 15. d5 Rh6 16. Rab1 Rg6 17. Qf3 c5 18. a3 a6 19. Rfc1 Bg7 20. Ne2 Bf6 21. e4 0-0-0 22. b4 Qa4 23. bxc5 Nxc5 24. Qe3 Rdg8 25. e5 Bg5 26. f4 Bh6 27. Kf2 Rxg3 28. Nxg3 Bxf4 0-1

[Event "SVK-chT 1415"]
[Site "Slovakia"]
[Date "2015.01.17"]
[Round "5.2"]
[White "Molnar, Peter"]
[Black "Cech, Pavel"]
[Result "0-1"]
[WhiteElo "2305"]
[BlackElo "2424"]
[PlyCount "125"]
[EventDate "2014.10.25"]
[EventType "team-tourn"]
[EventRounds "11"]
[EventCountry "SVK"]
[SourceTitle "EXT 2016"]
[Source "ChessBase"]
[SourceDate "2015.10.08"]
[SourceVersion "1"]
[SourceVersionDate "2015.10.08"]
[SourceQuality "1"]
[WhiteTeam "Kosice Slavia"]
[BlackTeam "Liptov Chess School"]
[WhiteTeamCountry "SVK"]
[BlackTeamCountry "SVK"]

1. d4 d5 2. Nf3 Nf6 3. c4 c6 4. e3 Bf5 5. Nc3 e6 6. Nh4 Bg6 7. Be2 Nbd7 8. Nxg6 hxg6 9. 0-0 Be7 10. Bd2 0-0 11. Qb3 Qb6 12. Rfd1 dxc4 13. Bxc4 e5 14. Be1 exd4 15. Rxd4 Ne5 16. Na4 Qxb3 17. Bxb3 c5 18. Rdd1 c4 19. Bc3 cxb3 20. Bxe5 bxa2 21. Nc3 Rfd8 22. Bd4 Nd5 23. Nxd5 Rxd5 24. Rxa2 Bc5 25. Kf1 Bxd4 26. Rxd4 Rxd4 27. exd4 a6 28. Ke2 Rc8 29. b3 Kf8 30. Kd2 Ke7 31. Ra5 Kd6 32. h3 Re8 33. Kd3 Re1 34. Ra2 g5 35. Ra5 f6 36. Ra2 Rd1+ 37. Kc4 Rc1+ 38. Kd3 Rg1 39. f3 Kd5 40. Ra5+ Kd6 41. Ra2 g6 42. Kc4 f5 43. Kd3 Kc6 44. Re2 Kd5 45. Re5+ Kd6 46. g4 Rd1+ 47. Kc4 b5+ 48. Kc3 Rf1 49. Re3 f4 50. Re5 Rxf3+ 51. Kb4 Rxh3 52. Rxg5 f3 53. Rxg6+ Kd5 54. Rxa6 Kxd4 55. Rf6 Ke3 56. g5 f2 57. g6 Rh4+ 58. Ka5 b4 59. Re6+ Kd2 60. Rd6+ Ke1 61. Re6+ Kf1 62. g7 Rg4 63. g8Q 0-1

[Event "SVK-chT 1415"]
[Site "Slovakia"]
[Date "2014.10.26"]
[Round "2.2"]
[White "Molnar, Peter"]
[Black "Castiglione, Mario"]
[Result "1/2-1/2"]
[WhiteElo "2305"]
[BlackElo "2227"]
[PlyCount "39"]
[EventDate "2014.10.25"]
[EventType "team-tourn"]
[EventRounds "11"]
[EventCountry "SVK"]
[SourceTitle "EXT 2015"]
[Source "ChessBase"]
[SourceDate "2014.11.20"]
[SourceVersion "1"]
[SourceVersionDate "2014.11.20"]
[SourceQuality "1"]
[WhiteTeam "Kosice Slavia"]
[BlackTeam "Bratislava Slovan II"]
[WhiteTeamCountry "SVK"]
[BlackTeamCountry "SVK"]

1. Nf3 Nf6 2. b3 d5 3. e3 Bg4 4. Bb2 Nbd7 5. Be2 c6 6. 0-0 e6 7. h3 Bh5 8. c4 Bd6 9. Nc3 0-0 10. d4 Rc8 11. Qc2 Bg6 12. Bd3 Bb4 13. Rac1 Qe7 14. Bxg6 hxg6 15. Rfd1 a6 16. a4 Rfe8 17. Na2 Bd6 18. Nc3 Bb4 19. Na2 Bd6 20. Nc3 1/2-1/2

[Event "SVK-chT1E 1415"]
[Site "Slovakia"]
[Date "2014.10.19"]
[Round "2.1"]
[White "Mazur, Stefan"]
[Black "Molnar, Peter"]
[Result "1-0"]
[WhiteElo "2400"]
[BlackElo "2305"]
[PlyCount "83"]
[EventDate "2014.10.18"]
[EventType "team-tourn"]
[EventRounds "11"]
[EventCountry "SVK"]
[SourceTitle "EXT 2016"]
[Source "ChessBase"]
[SourceDate "2015.10.08"]
[SourceVersion "1"]
[SourceVersionDate "2015.10.08"]
[SourceQuality "1"]
[WhiteTeam "Michalovce Zemplin"]
[BlackTeam "Kosice Slavia"]
[WhiteTeamCountry "SVK"]
[BlackTeamCountry "SVK"]

1. e4 e5 2. Nf3 Nc6 3. Bb5 Nf6 4. d3 Bc5 5. 0-0 d6 6. c3 0-0 7. Re1 Bb6 8. Nbd2 Ne7 9. Nf1 Ng6 10. Ng3 c6 11. Ba4 h6 12. d4 Nh7 13. Be3 Qf6 14. Qd2 Bg4 15. Bd1 Rad8 16. h3 Bxf3 17. Bxf3 Ng5 18. Be2 Nf4 19. Bxf4 Qxf4 20. Qxf4 exf4 21. Nh5 Nxe4 22. Bd3 Nf6 23. Nxf6+ gxf6 24. Re7 Rfe8 25. Rxb7 Kf8 26. Kf1 d5 27. b4 Re7 28. Ba6 Rde8 29. a4 Kg7 30. a5 Bd8 31. Rb1 Rxb7 32. Bxb7 Re6 33. a6 Bb6 34. b5 c5 35. Bxd5 Rd6 36. dxc5 Bxc5 37. c4 f5 38. Re1 Rd8 39. Rb1 Rd6 40. Ke2 Kf6 41. Kf3 Rb6 42. Bc6 1-0

[Event "SVK-chT 1314"]
[Site "Slovakia"]
[Date "2013.12.08"]
[Round "4.6"]
[White "Molnar, Peter"]
[Black "Repka, Christopher"]
[Result "1/2-1/2"]
[WhiteElo "2322"]
[BlackElo "2391"]
[PlyCount "52"]
[EventDate "2013.11.09"]
[EventType "team-tourn"]
[EventRounds "11"]
[EventCountry "SVK"]
[SourceTitle "CBM 157 Extra"]
[Source "ChessBase"]
[SourceDate "2013.12.19"]
[SourceVersion "1"]
[SourceVersionDate "2013.12.19"]
[SourceQuality "1"]
[WhiteTeam "Kosice Slavia UPJS"]
[BlackTeam "Stara Lubovna"]
[WhiteTeamCountry "SVK"]
[BlackTeamCountry "SVK"]

1. Nf3 Nf6 2. c4 b6 3. g3 Bb7 4. Bg2 e5 5. Nc3 Bb4 6. 0-0 e4 7. Nd4 0-0 8. Nc2 Bxc3 9. dxc3 d6 10. Bg5 Nbd7 11. Ne3 h6 12. Bxf6 Nxf6 13. Qd4 Re8 14. Rad1 Qd7 15. b3 a5 16. h3 Re6 17. a3 Rae8 18. b4 Qa4 19. Qd2 Re5 20. Qb2 Ba8 21. Rd4 Qd7 22. Rfd1 Bc6 23. Rb1 Qe6 24. Rbd1 Nh5 25. Nd5 Qd7 26. e3 Ba4 1/2-1/2

[Event "SVK-chT1E 1314"]
[Site "Slovakia"]
[Date "2013.10.13"]
[Round "2.2"]
[White "Molnar, Peter"]
[Black "Palecek, Peter"]
[Result "1/2-1/2"]
[WhiteElo "2322"]
[BlackElo "2212"]
[PlyCount "29"]
[EventDate "2013.10.12"]
[EventType "team-tourn"]
[EventRounds "11"]
[EventCountry "SVK"]
[SourceTitle "EXT 2015"]
[Source "ChessBase"]
[SourceDate "2014.11.20"]
[SourceVersion "1"]
[SourceVersionDate "2014.11.20"]
[SourceQuality "1"]
[WhiteTeam "Michalovce Zemplin"]
[BlackTeam "Liptov Chess School"]
[WhiteTeamCountry "SVK"]
[BlackTeamCountry "SVK"]

1. e4 e5 2. Nc3 Nf6 3. g3 d5 4. exd5 Nxd5 5. Bg2 Nxc3 6. bxc3 Be7 7. Nf3 Nd7 8. d4 exd4 9. cxd4 0-0 10. 0-0 Nb6 11. Re1 c6 12. c3 Be6 13. Bf4 Bd6 14. Bxd6 Qxd6 15. Ne5 1/2-1/2

[Event "SVK-chT1E 1213"]
[Site "Slovakia"]
[Date "2012.12.09"]
[Round "4.1"]
[White "Molnar, Peter"]
[Black "Kantorik, Marian"]
[Result "0-1"]
[WhiteElo "2367"]
[BlackElo "2331"]
[PlyCount "78"]
[EventDate "2012.10.20"]
[EventType "team-tourn"]
[EventRounds "11"]
[EventCountry "SVK"]
[SourceTitle "EXT 2014"]
[Source "ChessBase"]
[SourceDate "2013.11.20"]
[SourceVersion "1"]
[SourceVersionDate "2013.11.20"]
[SourceQuality "1"]
[WhiteTeam "Michalovce Zemplin"]
[BlackTeam "Rajecke Teplice"]
[WhiteTeamCountry "SVK"]
[BlackTeamCountry "SVK"]

1. c4 c6 2. d4 d5 3. cxd5 cxd5 4. Nf3 Nc6 5. Nc3 Nf6 6. Bf4 a6 7. Rc1 e6 8. e3 Bd6 9. Bxd6 Qxd6 10. Bd3 0-0 11. 0-0 b5 12. Qc2 Bb7 13. a3 Rac8 14. b4 e5 15. Bf5 Rc7 16. dxe5 Nxe5 17. Nd4 Rc4 18. f4 Nc6 19. Nxc6 Qxc6 20. Na2 Re8 21. Qd2 Qb6 22. Rce1 Ne4 23. Qd3 g6 24. Bg4 Nf6 25. Bf3 Rxf4 26. Nc1 Ng4 27. Bxg4 Rxg4 28. Nb3 d4 29. g3 dxe3 30. Nc5 Qc6 31. Nxb7 Qxb7 32. Rxe3 Qa7 33. Rff3 Rge4 34. Kf2 Kg7 35. Qc3+ R8e5 36. Ke2 Rxe3+ 37. Rxe3 Qxe3+ 38. Qxe3 Rxe3+ 39. Kxe3 f5 0-1

[Event "SVK-chT1E 1213"]
[Site "Slovakia"]
[Date "2012.10.20"]
[Round "1.1"]
[White "Manik, Mikulas"]
[Black "Molnar, Peter"]
[Result "1/2-1/2"]
[WhiteElo "2370"]
[BlackElo "2367"]
[PlyCount "40"]
[EventDate "2012.10.20"]
[EventType "team-tourn"]
[EventRounds "11"]
[EventCountry "SVK"]
[SourceTitle "EXT 2014"]
[Source "ChessBase"]
[SourceDate "2013.11.20"]
[SourceVersion "1"]
[SourceVersionDate "2013.11.20"]
[SourceQuality "1"]
[WhiteTeam "Kezmarok"]
[BlackTeam "Michalovce Zemplin"]
[WhiteTeamCountry "SVK"]
[BlackTeamCountry "SVK"]

1. e4 c6 2. d4 d5 3. exd5 cxd5 4. c4 Nf6 5. Nc3 e6 6. Nf3 Bb4 7. Bd3 dxc4 8. Bxc4 0-0 9. 0-0 b6 10. Bg5 Bxc3 11. bxc3 Nbd7 12. Ne5 Qc7 13. Qe2 Nxe5 14. dxe5 Nd7 15. Be7 Nxe5 16. Bxf8 Nxc4 17. Be7 Bb7 18. Rad1 Bd5 19. Rfe1 f6 20. Qh5 Qc6 1/2-1/2

[Event "HUN-chT2 Barcza 1213"]
[Site "Hungary"]
[Date "2012.09.16"]
[Round "1.2"]
[White "Molnar, Peter"]
[Black "Nagy, Sandor"]
[Result "1/2-1/2"]
[WhiteElo "2367"]
[BlackElo "2091"]
[PlyCount "102"]
[EventDate "2012.09.16"]
[EventType "team-tourn"]
[EventRounds "11"]
[EventCountry "HUN"]
[SourceTitle "EXT 2014"]
[Source "ChessBase"]
[SourceDate "2013.11.20"]
[SourceVersion "1"]
[SourceVersionDate "2013.11.20"]
[SourceQuality "1"]
[WhiteTeam "Edeleny"]
[BlackTeam "Debrecen Betu"]
[WhiteTeamCountry "HUN"]
[BlackTeamCountry "HUN"]

1. d4 Nf6 2. c4 g6 3. Nc3 Bg7 4. Nf3 d5 5. Bf4 0-0 6. e3 c6 7. h3 Qb6 8. Qb3 Qxb3 9. axb3 dxc4 10. bxc4 Na6 11. Be2 Nb4 12. 0-0 Bf5 13. Rfd1 Nh5 14. Bh2 Nf6 15. g4 Bc2 16. Rd2 Ne4 17. Nxe4 Bxe4 18. Ng5 Bc2 19. Rc1 h6 20. Nf3 Be4 21. Ne5 Rad8 22. f3 f6 23. fxe4 fxe5 24. Rcd1 e6 25. d5 exd5 26. exd5 Bf6 27. Kg2 Bg5 28. Bg1 e4 29. dxc6 Nxc6 30. Rd5 Rfe8 31. Bf2 Nb4 32. Rd6 Kg7 33. h4 Bf6 34. b3 Nd3 35. Rxd8 Rxd8 36. Bg3 g5 37. h5 Bc3 38. Kg1 Rd7 39. Bf1 Nc5 40. Rxd7+ Nxd7 41. Be2 Kf6 42. Bd6 Be5 43. Ba3 b6 44. Bd1 Bc3 45. Kg2 a5 46. Bc2 Ke5 47. Kf2 Nc5 48. Ke2 Nd7 49. Kf2 Nc5 50. Ke2 Nd7 51. Kf2 Nc5 1/2-1/2

[Event "SVK-chT 1112"]
[Site "Slovakia"]
[Date "2012.03.10"]
[Round "10.4"]
[White "Stohl, Igor"]
[Black "Molnar, Peter"]
[Result "1/2-1/2"]
[WhiteElo "2524"]
[BlackElo "2363"]
[PlyCount "151"]
[EventDate "2011.10.22"]
[EventType "team-tourn"]
[EventRounds "11"]
[EventCountry "SVK"]
[SourceTitle "EXT 2013"]
[Source "ChessBase"]
[SourceDate "2012.11.22"]
[SourceVersion "1"]
[SourceVersionDate "2012.11.22"]
[SourceQuality "1"]
[WhiteTeam "Bratislava Slovan"]
[BlackTeam "Kosice"]
[WhiteTeamCountry "SVK"]
[BlackTeamCountry "SVK"]

1. d4 Nf6 2. c4 g6 3. g3 Bg7 4. Bg2 0-0 5. Nc3 d6 6. Nf3 Nc6 7. 0-0 Bf5 8. d5 Na5 9. Nd2 c5 10. e4 Bd7 11. Qc2 e5 12. b3 Ng4 13. Bb2 b6 14. Rae1 f5 15. exf5 gxf5 16. f3 Nh6 17. f4 e4 18. Ne2 Qe7 19. Bh3 Rae8 20. Bxg7 Qxg7 21. Nc3 Nb7 22. Nd1 Re7 23. Ne3 Ref7 24. Rf2 Kh8 25. Kh1 Qd4 26. Ndf1 Qg7 27. Ng2 Bc8 28. Nfe3 Bd7 29. Nh4 Qd4 30. Rd2 Qf6 31. Qd1 Qc3 32. Rc2 Qf6 33. Qh5 Rg7 34. Qd1 Rfg8 35. Qa1 Qxa1 36. Rxa1 Rf8 37. Bf1 Rf6 38. Be2 Rf8 39. Rg1 Rfg8 40. Bh5 Nd8 41. Rcg2 Rf8 42. h3 Bc8 43. Kh2 Bd7 44. Rf2 Rfg8 45. Rfg2 Rf8 46. Rf2 Rfg8 47. Be2 Bc8 48. Nf1 Bd7 49. Ng2 Bc8 50. Nge3 Bd7 51. Nd2 Nb7 52. Rfg2 Rf8 53. Bh5 Bc8 54. Nb1 Bd7 55. Nc3 Ng8 56. Bd1 Nh6 57. Rf1 Rfg8 58. Bh5 Bc8 59. Ne2 Bd7 60. Rfg1 Be8 61. Bxe8 Rxe8 62. g4 Rf8 63. gxf5 Rxg2+ 64. Rxg2 Nxf5 65. Nxf5 Rxf5 66. Kg3 b5 67. Nc3 bxc4 68. bxc4 Na5 69. Re2 Nxc4 70. Rxe4 Nb6 71. Re6 Nxd5 72. Ne4 Rxf4 73. Rxd6 Rxe4 74. Rxd5 Ra4 75. Rxc5 Rxa2 76. Rc7 1/2-1/2

[Event "SVK-chT 1112"]
[Site "Slovakia"]
[Date "2012.03.09"]
[Round "9.4"]
[White "Molnar, Peter"]
[Black "Druska, Juraj"]
[Result "1/2-1/2"]
[WhiteElo "2363"]
[BlackElo "2338"]
[PlyCount "43"]
[EventDate "2011.10.22"]
[EventType "team-tourn"]
[EventRounds "11"]
[EventCountry "SVK"]
[SourceTitle "EXT 2013"]
[Source "ChessBase"]
[SourceDate "2012.11.22"]
[SourceVersion "1"]
[SourceVersionDate "2012.11.22"]
[SourceQuality "1"]
[WhiteTeam "Kosice"]
[BlackTeam "Kezmarok"]
[WhiteTeamCountry "SVK"]
[BlackTeamCountry "SVK"]

1. Nf3 Nf6 2. g3 d5 3. Bg2 c6 4. 0-0 Bg4 5. d4 Bxf3 6. Bxf3 g6 7. Nd2 Bg7 8. c3 0-0 9. e4 dxe4 10. Nxe4 Nbd7 11. Qb3 Qb6 12. Nxf6+ Nxf6 13. Qc2 Rfe8 14. Re1 Nd5 15. Bd2 Rad8 16. Rad1 e6 17. Kg2 Bf6 18. Bh6 Ne7 19. h4 Qc7 20. Bf4 Qa5 21. a4 Nd5 22. Bd2 1/2-1/2

[Event "SVK-chT1E 1112"]
[Site "Slovakia"]
[Date "2012.02.05"]
[Round "9.1"]
[White "Molnar, Peter"]
[Black "Kantorik, Marian"]
[Result "1/2-1/2"]
[WhiteElo "2363"]
[BlackElo "2320"]
[PlyCount "132"]
[EventDate "2011.10.15"]
[EventType "team-tourn"]
[EventRounds "11"]
[EventCountry "SVK"]
[SourceTitle "EXT 2013"]
[Source "ChessBase"]
[SourceDate "2012.11.22"]
[SourceVersion "1"]
[SourceVersionDate "2012.11.22"]
[SourceQuality "1"]
[WhiteTeam "Kosice Slavia"]
[BlackTeam "Rajecke Teplice"]
[WhiteTeamCountry "SVK"]
[BlackTeamCountry "SVK"]

1. g3 d5 2. Nf3 c5 3. Bg2 Nf6 4. 0-0 Nc6 5. d4 e6 6. c4 cxd4 7. Nxd4 Be7 8. cxd5 exd5 9. Nc3 0-0 10. Be3 Be6 11. Qa4 Nxd4 12. Bxd4 Qc7 13. Rac1 Rfc8 14. Nxd5 Qxc1 15. Nxe7+ Kh8 16. Nxc8 Qxc8 17. Rd1 Qc7 18. Bc3 a6 19. a3 Rc8 20. Qb4 b5 21. Qd6 Qc4 22. e3 h6 23. Qd4 Qc7 24. h3 Kg8 25. Qd6 Qc4 26. Qxa6 Qe2 27. Re1 Qh5 28. g4 Qc5 29. Rd1 h5 30. Qd6 hxg4 31. Qxc5 Rxc5 32. hxg4 Nxg4 33. Rd8+ Kh7 34. Be4+ f5 35. Bd3 Ne5 36. Be2 Bc4 37. Bd1 Nf7 38. Rd7 Kg6 39. Bc2 Be6 40. Re7 Bc4 41. Bd4 Rc6 42. Bc3 Kg5 43. f4+ Kg4 44. Kf2 g5 45. Bd1+ Kh4 46. Bf3 Rd6 47. Bb4 Rg6 48. fxg5 Nxg5 49. Bg2 Kg4 50. Ke1 Nf3+ 51. Kf2 Ng5 52. Re5 Rg7 53. Be7 Nh3+ 54. Ke1 Kg3 55. Bc6 Ng1 56. Bf6 Rc7 57. Rc5 Nf3+ 58. Kd1 Ra7 59. Bxf3 Kxf3 60. Rxf5+ Kxe3 61. Bg5+ Kd3 62. Rf3+ Ke4 63. Re3+ Kf5 64. Be7 Kf4 65. Bc5 Ra5 66. Bb6 Ra6 1/2-1/2

[Event "Lvov Vasylyshyn Memorial GM 8th"]
[Site "Lvov"]
[Date "2011.12.06"]
[Round "8"]
[White "Chekhov, Sergey"]
[Black "Molnar, Peter"]
[Result "1/2-1/2"]
[WhiteElo "2421"]
[BlackElo "2363"]
[PlyCount "28"]
[EventDate "2011.11.29"]
[EventType "tourn"]
[EventRounds "9"]
[EventCountry "UKR"]
[EventCategory "9"]
[SourceTitle "CBM 145 Extra"]
[Source "ChessBase"]
[SourceDate "2012.01.03"]
[SourceVersion "1"]
[SourceVersionDate "2012.01.03"]
[SourceQuality "1"]

1. e4 e6 2. d4 d5 3. Nd2 dxe4 4. Nxe4 Bd7 5. Nf3 Bc6 6. Bd3 Nd7 7. Qe2 Ngf6 8. 0-0 Bxe4 9. Bxe4 Nxe4 10. Qxe4 c6 11. Bg5 Be7 12. Bxe7 Qxe7 13. c3 0-0 14. Rad1 Rad8 1/2-1/2

[Event "SVK-chT1E 1112"]
[Site "Slovakia"]
[Date "2011.10.16"]
[Round "2.1"]
[White "Zvarik, Martin"]
[Black "Molnar, Peter"]
[Result "0-1"]
[WhiteElo "2255"]
[BlackElo "2363"]
[PlyCount "90"]
[EventDate "2011.10.15"]
[EventType "team-tourn"]
[EventRounds "11"]
[EventCountry "SVK"]
[SourceTitle "EXT 2013"]
[Source "ChessBase"]
[SourceDate "2012.11.22"]
[SourceVersion "1"]
[SourceVersionDate "2012.11.22"]
[SourceQuality "1"]
[WhiteTeam "Zilina Mladost"]
[BlackTeam "Kosice Slavia"]
[WhiteTeamCountry "SVK"]
[BlackTeamCountry "SVK"]

1. e4 c5 2. Nf3 d6 3. d4 cxd4 4. Nxd4 Nf6 5. Nc3 Nc6 6. Bc4 e6 7. 0-0 Be7 8. a4 0-0 9. Re1 Qc7 10. Nxc6 bxc6 11. Bf4 Nd7 12. Qf3 Bf6 13. Qg3 Ne5 14. Bb3 Qe7 15. Rad1 Rd8 16. Re2 Ba6 17. Red2 Rac8 18. Ne2 c5 19. c3 Rb8 20. Ba2 g6 21. b3 Bh4 22. Qh3 Bf6 23. c4 Bb7 24. Bb1 Rd7 25. Kh1 Rbd8 26. Be3 Nc6 27. f4 Nb4 28. Ng1 d5 29. cxd5 exd5 30. e5 Bg7 31. Nf3 d4 32. Bg1 Nd5 33. Ng5 h6 34. Nxf7 Kxf7 35. Qg4 Kg8 36. Qxg6 Nxf4 37. Qh7+ Kf8 38. Rf1 Bxe5 39. Qf5+ Kg8 40. Rxf4 Bxf4 41. Qxf4 Qg5 42. Qf2 Rf8 43. Qe2 Re7 44. Qc4+ Kh8 45. Rb2 Re1 0-1

[Event "SVK-chT 1011"]
[Site "Slovakia"]
[Date "2011.05.08"]
[Round "11.5"]
[White "Molnar, Peter"]
[Black "Skara, Vladimir"]
[Result "1-0"]
[WhiteElo "2294"]
[BlackElo "2161"]
[PlyCount "79"]
[EventDate "2010.11.27"]
[EventType "team-tourn"]
[EventRounds "11"]
[EventCountry "SVK"]
[SourceTitle "EXT 2012"]
[Source "ChessBase"]
[SourceDate "2011.11.24"]
[SourceVersion "1"]
[SourceVersionDate "2011.11.24"]
[SourceQuality "1"]
[WhiteTeam "Kosice Slavia"]
[BlackTeam "Modra"]
[WhiteTeamCountry "SVK"]
[BlackTeamCountry "SVK"]

1. Nf3 Nf6 2. c4 e6 3. g3 c5 4. Bg2 Nc6 5. 0-0 Be7 6. d4 cxd4 7. Nxd4 0-0 8. Nc3 a6 9. Bf4 Nxd4 10. Qxd4 d6 11. Qd3 Qc7 12. Rfd1 Rd8 13. Rac1 Rb8 14. c5 Qxc5 15. Nd5 Qxd5 16. Bxd5 Nxd5 17. Bd2 f5 18. Qb3 Bd7 19. f3 Bf6 20. Ba5 b6 21. Be1 Bg5 22. f4 Bf6 23. Bf2 h6 24. Bd4 Be7 25. Bc3 Kh7 26. Rxd5 exd5 27. Qxd5 Rbc8 28. Qf7 Bf8 29. Rd1 d5 30. Bf6 Ba4 31. Bxd8 Bc5+ 32. Kf1 Rxd8 33. Qxf5+ Kh8 34. Rxd5 Re8 35. Rxc5 bxc5 36. Qxc5 Bb5 37. Qc2 a5 38. Kf2 Bxe2 39. Qxe2 Rxe2+ 40. Kxe2 1-0

[Event "Rodatychi 03"]
[Site "Rodatychi"]
[Date "2011.03.24"]
[Round "6"]
[White "Molnar, Peter"]
[Black "Vetoshko, Volodymyr"]
[Result "1/2-1/2"]
[WhiteElo "2294"]
[BlackElo "2219"]
[PlyCount "30"]
[EventDate "2011.03.20"]
[EventType "tourn"]
[EventRounds "9"]
[EventCountry "UKR"]
[EventCategory "1"]
[SourceTitle "CBM 141 Extra"]
[Source "ChessBase"]
[SourceDate "2011.05.03"]
[SourceVersion "1"]
[SourceVersionDate "2011.05.03"]
[SourceQuality "1"]

1. g3 f5 2. Bg2 Nf6 3. Nf3 g6 4. 0-0 Bg7 5. c4 d6 6. Nc3 0-0 7. d3 e5 8. Rb1 a5 9. a3 Nc6 10. b4 axb4 11. axb4 h6 12. b5 Ne7 13. Nd2 g5 14. Bb2 Qe8 15. Qb3 Qf7 1/2-1/2